• 首页
  • 本馆介绍
  • 公告通知
  • 最新文献
  • 馆藏检索
  • 电子资源
  • 读者导购
  • 参考咨询
  • 我的图书馆
  • 登录
  • 详细信息显示
  • 放入我的书架
  • 预约/预借图书
  • 作者相关作品
  • 分类相关作品
  • 丛书相关作品
  • 出版社相关作品

书目信息

  • 表格格式
  • 工作单格式
  • 卡片格式
题名:
马克思《资本论》中的时间范畴
    
 
作者: 汤巴佐斯 著 ;郑吉伟 , 孙炳炎 译
分册:  
出版信息: 天津   天津人民出版社  2021.12
页数: 360页
开本: 24cm
丛书名: 世界马克思主义研究文库
单 册:
中图分类: A811.23 , F091.91
科图分类:
主题词: 马克思主义--ma ke si zhu yi--时间经济学
电子资源:
ISBN: 978-7-201-18126-4
000 02240nam 2200361 450
001 CAL 012022013127
005 20230217093111.0
010    @a978-7-201-18126-4@b精装@dCNY98.00
092    @aCN@bRt1040-2664
100    @a20220909d2021 em y0chiy0120 ea
101 0  @achi@cgre
102    @aCN@b120000
105    @ay a 000yy
106    @ar
200 1  @a马克思《资本论》中的时间范畴@Ama ke si 《 zi ben lun 》 zhong de shi jian fan chou@f(塞浦路斯) 斯塔维洛斯·汤巴佐斯著@g郑吉伟, 孙炳炎译
210    @a天津@c天津人民出版社@d2021.12
215    @a360页@d24cm
225 2  @a世界马克思主义研究文库@Ashi jie ma ke si zhu yi yan jiu wen ku
312    @a英文题名取自封面
314    @a斯塔维洛斯·汤巴佐斯, 经济学家, 希腊公共债务真相委员会委员。巴黎第八大学博士, 塞浦路斯大学社会与政治学系政治经济学专业副教授, 主要研究方向为国际政治经济学和德国政治哲学。郑吉伟, 经济学博士, 中国人民大学马克思主义学院教授、博士生导师, 全国马克思列宁主义经济学说史学会常务理事。孙炳炎, 法学博士, 2018年博士毕业于中国人民大学, 现为南开大学马克思主义学院副教授、硕士生导师。
320    @a有书目 (第341-354页)
330    @a本书是汤姆巴佐斯最新一部关于《资本论》的研究作品, 着重探讨了时间与劳动、时间与生产、时间与价值、时间与效益、时间与剩余价值、时间与流通, 时间与空间转换等问题。它以“时间”这一独特视角来研究马克思的经济学理论特别是价值理论, 是当代西方左翼经济学界首部研究马克思的时间范畴的学术著作。本书论证了《资本论》前三卷的基本概念来自于不同的时间范畴, 三卷在理论上的范畴与不同的时间相适应。第一卷的范畴遵循着单线的和抽象的时间性, 作者称其为“生产的时间” ; 第二卷的确立是为了论证时间的周期性, 作者称其为“循环的时间”, “循环的时间”的不同范畴涉及价值的转移 ; 第三卷将“生产的时间”与“循环的时间”统一起来, 论述了资本的“有机的时间”这一问题。
410  0 @12001 @a世界马克思主义研究文库
510 1  @aTime in Marx: the categories of time in Marx's capital@zeng
605    @a资本论@Azi ben lun@x马克思著作研究
606 0  @a马克思主义@Ama ke si zhu yi@x时间经济学
690    @aA811.23@v5
690    @aF091.91@v5
701  1 @a汤巴佐斯@Atang ba zuo si@g(Tombazos, Stavros)@4著
702  0 @a郑吉伟@Azheng ji wei@4译
702  0 @a孙炳炎@Asun bing yan@4译
801  0 @aCN@bBJXHZP@c20230228
905    @b1381387-91@dA811.23@e417@f5
    
    马克思《资本论》中的时间范畴/(塞浦路斯) 斯塔维洛斯·汤巴佐斯著/郑吉伟, 孙炳炎译.-天津:天津人民出版社,2021.12
    360页;24cm.-(世界马克思主义研究文库)
    
    
    ISBN 978-7-201-18126-4(精装):CNY98.00
    本书是汤姆巴佐斯最新一部关于《资本论》的研究作品, 着重探讨了时间与劳动、时间与生产、时间与价值、时间与效益、时间与剩余价值、时间与流通, 时间与空间转换等问题。它以“时间”这一独特视角来研究马克思的经济学理论特别是价值理论, 是当代西方左翼经济学界首部研究马克思的时间范畴的学术著作。本书论证了《资本论》前三卷的基本概念来自于不同的时间范畴, 三卷在理论上的范畴与不同的时间相适应。第一卷的范畴遵循着单线的和抽象的时间性, 作者称其为“生产的时间” ; 第二卷的确立是为了论证时间的周期性, 作者称其为“循环的时间”, “循环的时间”的不同范畴涉及价值的转移 ; 第三卷将“生产的时间”与“循环的时间”统一起来, 论述了资本的“有机的时间”这一问题。
●
相关链接 在E读中查询图书 在五车中查询图书 在当当中查询图书 在豆瓣中查询图书


正题名:马克思《资本论》中的时间范畴     索取号:A811.23/417         预约/预借

序号 登录号 条形码 馆藏地/架位号 状态 备注
1 1381387   213813872   第一样本阅览室/ [索取号:A811.23/417] 在馆    
2 1381388   213813881   第一借阅区/ [索取号:A811.23/417] 在馆    
3 1381389   213813890   第一借阅区/ [索取号:A811.23/417] 在馆    
4 1381390   213813907   第一借阅区/ [索取号:A811.23/417] 在馆    
5 1381391   213813916   第一借阅区/ [索取号:A811.23/417] 在馆    
唐山师范学院图书馆 欢迎您!
大连网信软件有限公司© 版权所有